<?xml version="1.0" encoding="UTF-8"?><?xml-stylesheet type="text/xsl" href="static/style.xsl"?><OAI-PMH xmlns="http://www.openarchives.org/OAI/2.0/" xmlns:xsi="http://www.w3.org/2001/XMLSchema-instance" xsi:schemaLocation="http://www.openarchives.org/OAI/2.0/ http://www.openarchives.org/OAI/2.0/OAI-PMH.xsd"><responseDate>2026-04-27T12:55:17Z</responseDate><request verb="GetRecord" identifier="oai:uvadoc.uva.es:10324/54588" metadataPrefix="marc">https://uvadoc.uva.es/oai/request</request><GetRecord><record><header><identifier>oai:uvadoc.uva.es:10324/54588</identifier><datestamp>2022-08-26T19:01:17Z</datestamp><setSpec>com_10324_38</setSpec><setSpec>col_10324_852</setSpec></header><metadata><record xmlns="http://www.loc.gov/MARC21/slim" xmlns:doc="http://www.lyncode.com/xoai" xmlns:xsi="http://www.w3.org/2001/XMLSchema-instance" xmlns:dcterms="http://purl.org/dc/terms/" xsi:schemaLocation="http://www.loc.gov/MARC21/slim http://www.loc.gov/standards/marcxml/schema/MARC21slim.xsd">
<leader>00925njm 22002777a 4500</leader>
<datafield tag="042" ind1=" " ind2=" ">
<subfield code="a">dc</subfield>
</datafield>
<datafield tag="720" ind1=" " ind2=" ">
<subfield code="a">Shi, Jinyi</subfield>
<subfield code="e">author</subfield>
</datafield>
<datafield tag="260" ind1=" " ind2=" ">
<subfield code="c">2022</subfield>
</datafield>
<datafield tag="520" ind1=" " ind2=" ">
<subfield code="a">Con el desarrollo de la economía y la tecnología globales, junto con la llegada del &#xd;
comercio electrónico, los métodos de pago han evolucionado. Debido a la aparición de &#xd;
Covid-19, los pagos en línea están causando sensación en todo el mundo, afectando los &#xd;
métodos de pago en todo el mundo. Como líder en pagos digitales, China tiene cierta &#xd;
experiencia en pago online. Por lo tanto, a continuación se presentarán los métodos &#xd;
específicos de pago en línea en China y se compararán con otros países para analizar y &#xd;
describir el pago online de China y discutir su tendencia de desarrollo futuro.</subfield>
</datafield>
<datafield tag="024" ind2=" " ind1="8">
<subfield code="a">https://uvadoc.uva.es/handle/10324/54588</subfield>
</datafield>
<datafield ind1=" " ind2=" " tag="653">
<subfield code="a">Moneda-Innovaciones tecnológicas</subfield>
</datafield>
<datafield ind1=" " ind2=" " tag="653">
<subfield code="a">Bancos-Innovaciones tencológicas</subfield>
</datafield>
<datafield tag="245" ind1="0" ind2="0">
<subfield code="a">Medios de pago on-line en China</subfield>
</datafield>
</record></metadata></record></GetRecord></OAI-PMH>